<?xml version="1.0" encoding="UTF-8"?>
<record
    xmlns:xsi="http://www.w3.org/2001/XMLSchema-instance"
    xsi:schemaLocation="http://www.loc.gov/MARC21/slim http://www.loc.gov/standards/marcxml/schema/MARC21slim.xsd"
    xmlns="http://www.loc.gov/MARC21/slim">

  <leader>00623nam a22002057a 4500</leader>
  <controlfield tag="005">20140313092433.0</controlfield>
  <controlfield tag="008">140313b        xxu||||| |||| 00| 0 eng d</controlfield>
  <datafield tag="020" ind1=" " ind2=" ">
    <subfield code="a">0072937300</subfield>
  </datafield>
  <datafield tag="080" ind1=" " ind2=" ">
    <subfield code="a">514.11</subfield>
  </datafield>
  <datafield tag="100" ind1=" " ind2=" ">
    <subfield code="a">Smith T. Robert</subfield>
  </datafield>
  <datafield tag="245" ind1=" " ind2=" ">
    <subfield code="a">Calculus/</subfield>
    <subfield code="c">Robert T.Smith , Roland B.Minton;</subfield>
  </datafield>
  <datafield tag="250" ind1=" " ind2=" ">
    <subfield code="a">2 st.ed.;</subfield>
  </datafield>
  <datafield tag="260" ind1=" " ind2=" ">
    <subfield code="a">Boston,</subfield>
    <subfield code="b">McGraw Hill</subfield>
    <subfield code="c">2002,</subfield>
  </datafield>
  <datafield tag="300" ind1=" " ind2=" ">
    <subfield code="a">[854] f.:</subfield>
    <subfield code="b">me il.;</subfield>
    <subfield code="c">26 cm,</subfield>
  </datafield>
  <datafield tag="500" ind1=" " ind2=" ">
    <subfield code="a">P&#xEB;rfshin Bibliografin dhe indeksin f. [834]-850</subfield>
  </datafield>
  <datafield tag="650" ind1=" " ind2=" ">
    <subfield code="a">Gjeometria elementare, Trigonomietria, Algjeber,</subfield>
  </datafield>
  <datafield tag="650" ind1=" " ind2=" ">
    <subfield code="a">Matematik&#xEB;,</subfield>
  </datafield>
  <datafield tag="700" ind1=" " ind2=" ">
    <subfield code="a">Minton B. Roland</subfield>
  </datafield>
  <datafield tag="942" ind1=" " ind2=" ">
    <subfield code="2">udc</subfield>
    <subfield code="c">BK</subfield>
  </datafield>
  <datafield tag="999" ind1=" " ind2=" ">
    <subfield code="c">423</subfield>
    <subfield code="d">423</subfield>
  </datafield>
  <datafield tag="952" ind1=" " ind2=" ">
    <subfield code="0">0</subfield>
    <subfield code="1">0</subfield>
    <subfield code="2">udc</subfield>
    <subfield code="4">0</subfield>
    <subfield code="7">0</subfield>
    <subfield code="8">P&#xCB;KG</subfield>
    <subfield code="a">003</subfield>
    <subfield code="b">003</subfield>
    <subfield code="c">P&#xCB;KG</subfield>
    <subfield code="d">2014-03-13</subfield>
    <subfield code="l">0</subfield>
    <subfield code="o">514.11 SMI</subfield>
    <subfield code="p">003000183</subfield>
    <subfield code="r">2014-03-13</subfield>
    <subfield code="w">2014-03-13</subfield>
    <subfield code="y">BK</subfield>
  </datafield>
  <datafield tag="952" ind1=" " ind2=" ">
    <subfield code="0">0</subfield>
    <subfield code="1">0</subfield>
    <subfield code="2">udc</subfield>
    <subfield code="4">0</subfield>
    <subfield code="7">0</subfield>
    <subfield code="8">P&#xCB;KG</subfield>
    <subfield code="a">003</subfield>
    <subfield code="b">003</subfield>
    <subfield code="c">P&#xCB;KG</subfield>
    <subfield code="d">2014-03-13</subfield>
    <subfield code="l">0</subfield>
    <subfield code="o">514.11 SMI</subfield>
    <subfield code="p">003000184</subfield>
    <subfield code="r">2014-03-13</subfield>
    <subfield code="w">2014-03-13</subfield>
    <subfield code="y">BK</subfield>
  </datafield>
  <datafield tag="952" ind1=" " ind2=" ">
    <subfield code="0">0</subfield>
    <subfield code="1">0</subfield>
    <subfield code="2">udc</subfield>
    <subfield code="4">0</subfield>
    <subfield code="7">0</subfield>
    <subfield code="8">P&#xCB;KG</subfield>
    <subfield code="a">003</subfield>
    <subfield code="b">003</subfield>
    <subfield code="c">P&#xCB;KG</subfield>
    <subfield code="d">2014-03-13</subfield>
    <subfield code="l">0</subfield>
    <subfield code="o">514.11 SMI</subfield>
    <subfield code="p">003000185</subfield>
    <subfield code="r">2014-03-13</subfield>
    <subfield code="w">2014-03-13</subfield>
    <subfield code="y">BK</subfield>
  </datafield>
  <datafield tag="952" ind1=" " ind2=" ">
    <subfield code="0">0</subfield>
    <subfield code="1">0</subfield>
    <subfield code="2">udc</subfield>
    <subfield code="4">0</subfield>
    <subfield code="7">0</subfield>
    <subfield code="8">P&#xCB;KG</subfield>
    <subfield code="a">002</subfield>
    <subfield code="b">002</subfield>
    <subfield code="c">P&#xCB;KG</subfield>
    <subfield code="d">2015-11-09</subfield>
    <subfield code="l">0</subfield>
    <subfield code="o">514.11 SMI</subfield>
    <subfield code="r">2015-11-09</subfield>
    <subfield code="w">2015-11-09</subfield>
    <subfield code="y">BK</subfield>
  </datafield>
</record>
